000 002740000a22000970004500
100 1 _aPereira da Costa, Hermisten Maia
245 1 0 _aA centralidade da pregacao da palavra no culto
300 _aVol. 6, Núm 2 (2004), Páginas 68-79
773 0 _tReforma Siglo 21
942 _cANA
999 _c52977
_d52977